Exchange rate-based stabilization in Western Europe Grece, Ireland, Italy and Portugal
Gespeichert in:
| 1. Verfasser: | |
|---|---|
| Weitere Verfasser: | |
| Format: | Buch |
| Sprache: | Englisch |
| Veröffentlicht: |
Washington
International Monetary Fund
1997
|
| Schriftenreihe: | IMF Working Paper
WP/97/75 |
| Schlagworte: | |
| Tags: |
Keine Tags, Fügen Sie das erste Tag hinzu!
|
MARC
| LEADER | 00000nam a2200000 4500 | ||
|---|---|---|---|
| 001 | c100100 | ||
| 005 | 20221124074614.0 | ||
| 041 | 0 | |a eng | |
| 044 | |a US | ||
| 245 | 1 | 0 | |a Exchange rate-based stabilization in Western Europe |b Grece, Ireland, Italy and Portugal |c Enrica Detragiache, Alfonso J. Hamann |
| 264 | 1 | |a Washington |b International Monetary Fund |c 1997 | |
| 300 | |a 29 s. | ||
| 490 | 1 | |a IMF Working Paper |v WP/97/75 | |
| 830 | 0 | |a IMF Working Paper |v WP/97/75 | |
| 610 | 2 | 0 | |a kurz menový |
| 610 | 2 | 0 | |a stabilita meny |
| 610 | 2 | 0 | |a stabilizácia hospodárstva |
| 610 | 2 | 0 | |a Grécko |
| 610 | 2 | 0 | |a Írsko |
| 610 | 2 | 0 | |a Taliansko |
| 610 | 2 | 0 | |a Portugalsko |
| 100 | 1 | |a Detragiache, Enrica | |
| 700 | 1 | |a Hamann, Alfonso J. | |